000 00569nam a2200229Ia 4500
003 OSt
005 20220923230052.0
006 a|||||r|||| 00| 0
007 ta
008 Pun
024 _a277,119
037 _cTextual
040 _aARTS
_cARTS
_bPun
041 _2Pun
_aPun
082 _aO153,3M97,NA, J3
100 _aਸਿੰਘ, ਨਾਨਕ
245 0 _aਨਾਸੂਰ
260 _c1953
650 _aਪੰਜਾਬੀ ਸਾਹਿਤ
942 _hO153,3M97,NA, J3
_cTEXL
_2CC
999 _c382243
_d382243